000 00718cam a22002413a 4500
001 24412
003 PGUSA
005 20140828083524.0
008 080123s2008||||xxu|||||s|||||000 | eng d
040 _aPGUSA
_beng
042 _adc
050 4 _aHG
100 1 _aLima, Jaime de Magalhães,
_d1859-1936
245 1 0 _aO credito agricola em Portugal
_h[electronic resource] /
_cJaime de Magalhães Lima
260 _bProject Gutenberg,
_c2008
506 _aPublic domain in the USA.
516 _aElectronic text
653 _aAgricultural credit -- Portugal
740 0 _aO Crédito Agrícola em Portugal
830 0 _aProject Gutenberg
_v24412
856 4 0 _uhttp://www.gutenberg.org/ebooks/24412
942 _cEB
999 _c253667
_d253667